<?xml version="1.0" encoding="UTF-8"?>
<collection xmlns="http://www.loc.gov/MARC21/slim">
 <record>
  <leader>00731nam a2200217   4500</leader>
  <controlfield tag="001">000004508</controlfield>
  <controlfield tag="003">647</controlfield>
  <controlfield tag="005">20150812140804.0</controlfield>
  <controlfield tag="008">110721s                               sd</controlfield>
  <datafield tag="100" ind1="0" ind2=" ">
   <subfield code="a">Krôn, Alêchxanđrô</subfield>
  </datafield>
  <datafield tag="245" ind1="0" ind2="0">
   <subfield code="a">Thao thức</subfield>
   <subfield code="b">Tiểu thuyết</subfield>
   <subfield code="c">Krôn, Alêchxanđrô</subfield>
  </datafield>
  <datafield tag="774" ind1=" " ind2=" ">
   <subfield code="a">Krôn, Alêchxanđrô</subfield>
   <subfield code="d">Tác Phẩm Mới</subfield>
   <subfield code="d">H.</subfield>
   <subfield code="d">1983</subfield>
   <subfield code="g">T. 1</subfield>
   <subfield code="h">322 tr</subfield>
   <subfield code="n">Dịch từ bản tiếng Nga</subfield>
   <subfield code="w">648</subfield>
  </datafield>
  <datafield tag="774" ind1=" " ind2=" ">
   <subfield code="a">Krôn, Alêchxanđrô</subfield>
   <subfield code="d">Tác Phẩm Mới</subfield>
   <subfield code="d">H.</subfield>
   <subfield code="d">1983</subfield>
   <subfield code="g">T. 2</subfield>
   <subfield code="h">248 tr</subfield>
   <subfield code="n">Dịch từ bản tiếng Nga</subfield>
   <subfield code="w">649</subfield>
  </datafield>
  <datafield tag="OWN" ind1=" " ind2=" ">
   <subfield code="a">LSP</subfield>
  </datafield>
  <datafield tag="999" ind1=" " ind2=" ">
   <subfield code="a">From the UDN01</subfield>
  </datafield>
  <datafield tag="TYP" ind1=" " ind2=" ">
   <subfield code="a">Monograph</subfield>
  </datafield>
  <datafield tag="TYP" ind1=" " ind2=" ">
   <subfield code="a">Printed language</subfield>
  </datafield>
  <datafield tag="980" ind1=" " ind2=" ">
   <subfield code="a">Mạng thư viện Đại học Đà Nẵng</subfield>
  </datafield>
 </record>
</collection>
